Slovensko zostane čistým prijímateľom

Slovensko zostane v rokoch 2007 až 2013 čistým prijímateľom financií zo spoločného rozpočtu Európskej únie.

Gespeichert in:
Bibliographische Detailangaben
1. Verfasser: Jančík, Ľuboš
Format: Buchkapitel
Sprache:Slowakisch
Schlagworte:
Tags: Tag hinzufügen
Keine Tags, Fügen Sie das erste Tag hinzu!

MARC

LEADER 00000naa$a2200000$$$4500
001 0018633
005 20231004124230.4
041 0 |a slo 
044 |a SK 
245 1 0 |a Slovensko zostane čistým prijímateľom  |c Ľuboš Jančík 
520 |a Slovensko zostane v rokoch 2007 až 2013 čistým prijímateľom financií zo spoločného rozpočtu Európskej únie. 
610 2 0 |a rozpočet spoločný 
610 2 0 |a integrácia ekonomická medzinárodná 
610 2 0 |a Európska únia 
610 2 0 |a Slovensko 
100 1 |a Jančík, Ľuboš